Wie funktioniert die wirtschaft? : Eine leichtverstandliche darstellung

Uloženo v:
Podrobná bibliografie
Hlavní autor: Schmid, Von Dr. Erich
Médium: Kniha
Jazyk:Undetermined
Vydáno: Fachverlag Stuttgart Taylorix Fachverlag Stuttgart 1972
Témata:
Tagy: Přidat tag
Žádné tagy, Buďte první, kdo otaguje tento záznam!
Thư viện lưu trữ: Trung tâm Học liệu Trường Đại học Cần Thơ
LEADER 00536nam a2200181Ia 4500
001 CTU_79300
008 210402s9999 xx 000 0 und d
082 |a 330.1 
082 |b S348 
100 |a Schmid, Von Dr. Erich 
245 0 |a Wie funktioniert die wirtschaft? : 
245 0 |b Eine leichtverstandliche darstellung 
245 0 |c Von Dr. Erich Schmid 
260 |a Fachverlag Stuttgart 
260 |b Taylorix Fachverlag Stuttgart 
260 |c 1972 
650 |a Economics 
980 |a Trung tâm Học liệu Trường Đại học Cần Thơ